书目信息 |
| 题名: |
古代汉语
|
|
| 作者: | 郭锡良 编著 | |
| 分册: | 中 | |
| 出版信息: | 天津 天津教育出版社 1996.2 |
|
| 页数: | 360页 | |
| 开本: | 32开 | |
| 丛书名: | ||
| 单 册: | ||
| 中图分类: | H109.2 | |
| 科图分类: | ||
| 主题词: | 汉语 | |
| 电子资源: | ||
| ISBN: | 7-5309-1021-3 | |
| 000 | 00533nam0 2200193 45 | |
| 001 | 0003170905 | |
| 005 | 20070726125628.01 | |
| 010 | @a7-5309-1021-3@dCNY9.90 | |
| 100 | @a20000317d1996 km y0chiy0120 ea | |
| 101 | @achi | |
| 200 | 1 | @a古代汉语@h中@AGu Dai Han Yu@f郭锡良等编著@FGuo Xi Liang Deng Bian Zhu |
| 205 | @a2版,修订本 | |
| 210 | @a天津@c天津教育出版社@d1996.2 | |
| 215 | @a360页@d32开 | |
| 606 | 0 | @a汉语 |
| 690 | @aH109.2@v2 | |
| 701 | 0 | @a郭锡良@4编著 |
| 801 | @aCN@bTSTC@c20070726 | |
| 905 | @f5@b286018-022@dH109.2@e1:2=2 | |
| 古代汉语.中/郭锡良等编著.-2版,修订本.-天津:天津教育出版社,1996.2 |
| 360页;32开 |
| ISBN 7-5309-1021-3:CNY9.90 |
| ● |
| 相关链接 |
|
|
|
|
正题名:古代汉语
索取号:H109.2/1:2=2
 
预约/预借
| 序号 | 登录号 | 条形码 | 馆藏地/架位号 | 状态 | 备注 |
| 1 | 0286018 | 002860185 | 密集书库/ [索取号:H109.2/1:2=2] | 在馆 | |
| 2 | 0286019 | 002860194 | 密集书库/ [索取号:H109.2/1:2=2] | 在馆 | |
| 3 | 0286020 | 002860201 | 第四借阅区/ [索取号:H109.2/1:2=2] | 在馆 | |
| 4 | 0286021 | 002860210 | 密集书库/ [索取号:H109.2/1:2=2] | 在馆 | |
| 5 | 0286022 | 002860229 | 第二样本阅览室/ [索取号:H109.2/1:2=2] | 在馆 | |
| 6 | 0655070 | 206550702 | 密集书库/ [索取号:H109.2/1:2=2] | 在馆 | |
| 7 | 0787842 | 207878420 | 密集书库/ [索取号:H109.2/1:2=2] | 在馆 |